Sociálno-patologické javy ako nežiadúci sprievodný fenomén inkluzívnej edukácie

Ratifikácia Dohovoru OSN o právach ľudí s postihnutím v marci 2010 Národnou radou SR, sa Slovenská republika zaviazala realizovať opatrenia na systém inkluzívnej edukácie. Článok 25 Dohovoru OSN požaduje zabezpečenie vysokokvalitnej a bezplatnej inkluzívnej edukácie na základných a stredných školách...

Descrizione completa

Salvato in:
Dettagli Bibliografici
Natura: Capitolo di libro
Lingua:slovacco
Soggetti:
Tags: Aggiungi Tag
Nessun Tag, puoi essere il primo ad aggiungerne!!

MARC

LEADER 00000nla$a2200000$$$4500
001 0148483
005 20221207081834.4
041 0 |a slo 
044 |a CZ 
245 1 0 |a Sociálno-patologické javy ako nežiadúci sprievodný fenomén inkluzívnej edukácie 
520 |a Ratifikácia Dohovoru OSN o právach ľudí s postihnutím v marci 2010 Národnou radou SR, sa Slovenská republika zaviazala realizovať opatrenia na systém inkluzívnej edukácie. Článok 25 Dohovoru OSN požaduje zabezpečenie vysokokvalitnej a bezplatnej inkluzívnej edukácie na základných a stredných školách. 
610 2 0 |a politika školská 
610 2 0 |a školy základné 
610 2 0 |a školy stredné 
610 2 0 |a vzdelávanie 
610 2 0 |a pedagogika 
610 2 0 |a zariadenia školské 
610 2 0 |a zariadenia výchovné 
610 2 0 |a začlenenie sociálne 
610 2 0 |a adaptácia 
610 2 0 |a individualita